000 00395nam a22001577a 4500
008 250620b |||||||| |||| 00| 0 eng d
020 _a9789789710553
050 _aTX716
_b. A54
100 _aAnegbu Chy
245 _aThe ultimate Nigerian cookbook
250 _a7th
260 _aAbuja NG
_bChidiebere Anegbu
_c2020
300 _a192p.
_bIll
650 _aCookbooks
_vCooking
942 _cBK
999 _c3920
_d3920